| 000 | 00939nam a2200301Ia 4500 | ||
|---|---|---|---|
| 003 | OSt | ||
| 005 | 20221007123502.0 | ||
| 006 | a|||||r|||| 00| 0 | ||
| 007 | ta | ||
| 008 | 221006b |||||||| |||| 00| 0 eng d | ||
| 020 |
_a0521531748 (pbk) _c350.00 |
||
| 024 | _a12279 | ||
| 037 |
_b29336, 09/08/2004, Worldwide Book Traders _cTextual |
||
| 040 |
_aPAPL _cPAPL _beng |
||
| 041 |
_2eng _aeng |
||
| 082 | _aG:(F), P1 Carpa | ||
| 100 |
_aRatledge Colin _9717287 |
||
| 245 | 0 |
_aBasic biotechnology _b Kristiansen Bjorn |
|
| 250 | _a2 | ||
| 260 |
_aCambridge _bCambridge University Press _c2001 |
||
| 300 |
_axiii, 568p. _ccm. |
||
| 500 | _aIndex 559-568p. | ||
| 650 | _a Technology | ||
| 650 | _aBiology | ||
| 700 |
_a Kristiansen Bjorn _9717288 |
||
| 942 |
_hG:(F), P1 Carpa _cTEXL _2CC |
||
| 999 |
_c1211968 _d1211968 |
||